000 01147nmc a2200337 a 4500
003 AR-BaBNM
005 20251128205825.0
008 248019s1997 ||||||||||||||000 | spa||
020 _a84-331-0764-X
040 _cAR-BaBNM
100 1 _aCalvo Rodríguez, Angel R.
245 1 0 _aTécnicas y procedimientos para realizar las adaptaciones curriculares
260 _aMadrid
_bEscuela Española
_c1997
300 0 _a295 p.
_btablas, gráfs.
_e1 disquete
490 0 _aEducación al día. Didáctica y Pedagogía
500 1 _aSolicitar el material complementario en Mediateca no. 785145, 785146, o 785147, 785181, 785182, 785183 en Medioteca
504 _aContiene referencia bibliográficas y anexos
650 4 _aCURRICULO
650 4 _aEVALUACION
650 4 _aTECNICAS
650 4 _aFAMILIA
651 4 _aEspaña
653 0 _aNECESIDADES EDUCATIVAS ESPECIALES
653 0 _aINSTITUCIONES EDUCATIVAS
653 0 _aEDUCACION INICIAL
653 0 _aEDUCACION PRIMARIA
653 0 _aLEY DE ORDENACION GENERAL DEL SISTEMA EDUCATIVO {LOGSE}: ESPANA
700 1 _aMartínez Alcolea, Antonio
942 _cBK
998 _carturo
999 _c12956
_d12956